Normal view
MARC view
- الفن-فن الزجاج-تكنولوجيا فن الزجاج
Entry Topical Term
001 - CONTROL NUMBER
- control field: 17263
003 - CONTROL NUMBER IDENTIFIER
- control field: JO-AjAnu
005 - DATE AND TIME OF LATEST TRANSACTION
- control field: 20230606073043.0
008 - FIXED-LENGTH DATA ELEMENTS
- fixed length control field: 230606|| aca||aabn | a|a d
040 ## - CATALOGING SOURCE
- Original cataloging agency: JO-AjAnu
- Transcribing agency: JO-AjAnu
150 ## - HEADING--TOPICAL TERM
- Topical term or geographic name entry element: الفن-فن الزجاج-تكنولوجيا فن الزجاج
670 ## - SOURCE DATA FOUND
- Source citation: Work cat.: (JO-AjAnu)8863: زينهم,محمد تأليف/عبد الرحيم,مصطفى مراجعة, author 17262, تكنولوجيا فن الزجاج